[Event "Ricany op"]
[Site "Ricany"]
[Date "2020.08.29"]
[Round "9"]
[White "Skala, Jaromir"]
[Black "Hejsek, Lukas"]
[Result "1/2-1/2"]
[WhiteElo "1891"]
[BlackElo "1991"]
[PlyCount "33"]
[EventDate "2020.08.22"]
[EventType "swiss"]
[EventRounds "9"]
[EventCountry "CZE"]
[SourceTitle "CBM 198 Extra"]
[Source "ChessBase"]
[SourceDate "2020.11.30"]
[SourceVersion "1"]
[SourceVersionDate "2020.11.30"]
[SourceQuality "1"]

1. d4 Nf6 2. c4 c5 3. d5 b5 4. Qc2 e6 5. e4 exd5 6. exd5 Be7 7. a4 bxc4 8. Bxc4 0-0 9. Ne2 d6 10. 0-0 Nbd7 11. a5 Ne5 12. b3 Bg4 13. f3 Bh5 14. Nf4 Nxc4 15. bxc4 Rb8 16. Nc3 Bg6 17. Nxg6 1/2-1/2

[Event "Ricany op"]
[Site "Ricany"]
[Date "2020.08.22"]
[Round "1"]
[White "Skala, Jaromir"]
[Black "Plischki, Sebastian"]
[Result "0-1"]
[WhiteElo "1891"]
[BlackElo "2356"]
[PlyCount "91"]
[EventDate "2020.08.22"]
[EventType "swiss"]
[EventRounds "9"]
[EventCountry "CZE"]
[SourceTitle "CBM 198 Extra"]
[Source "ChessBase"]
[SourceDate "2020.11.30"]
[SourceVersion "1"]
[SourceVersionDate "2020.11.30"]
[SourceQuality "1"]

1. d4 g6 2. c4 Bg7 3. Nc3 d6 4. e4 e5 5. Nf3 Nc6 6. d5 Nd4 7. Be2 c5 8. 0-0 Nf6 9. Rb1 0-0 10. b4 b6 11. h3 Ne8 12. Bd3 f5 13. Nxd4 cxd4 14. Ne2 f4 15. f3 Rf7 16. a4 g5 17. Ba3 h5 18. Kf2 g4 19. Ng1 Bf8 20. hxg4 hxg4 21. Ke2 Rh7 22. Kd2 Nf6 23. Ne2 Rh2 24. Rg1 Rb8 25. Kc2 Rb7 26. Kb3 Rg7 27. Rc1 Bd7 28. Qf1 Qe8 29. c5 bxc5 30. bxc5 Bxa4+ 31. Ka2 dxc5 32. Bxc5 Bb5 33. Bxf8 Bxd3 34. Bxg7 Qa4+ 35. Kb2 Qb5+ 36. Ka3 Kxg7 37. Rc7+ Kg6 38. Nxf4+ exf4 39. Qc1 Qa6+ 40. Kb3 Rh8 41. Rg7+ Kxg7 42. Qc7+ Kg6 43. Qxf4 Qb6+ 44. Ka3 Rb8 45. Qf5+ Kg7 46. Qg5+ 0-1

[Event "CZE-chT2D 1819"]
[Site "Czech Republic"]
[Date "2019.03.17"]
[Round "10.7"]
[White "Skala, Jaromir"]
[Black "Messerschmidt, Stanislav"]
[Result "1/2-1/2"]
[WhiteElo "1909"]
[BlackElo "2002"]
[PlyCount "69"]
[EventDate "2018.10.14"]
[EventType "team-tourn"]
[EventRounds "11"]
[EventCountry "CZE"]
[SourceTitle "EXT 2022"]
[Source "ChessBase"]
[SourceDate "2021.10.06"]
[SourceVersion "1"]
[SourceVersionDate "2021.10.06"]
[SourceQuality "1"]
[WhiteTeam "Kutna Hora"]
[BlackTeam "Orechov"]
[WhiteTeamCountry "CZE"]
[BlackTeamCountry "CZE"]

1. d4 g6 2. c4 c5 3. d5 b5 4. Qc2 bxc4 5. e4 d6 6. Bxc4 Bg7 7. Bd2 Nf6 8. Bc3 Nbd7 9. Ne2 0-0 10. 0-0 Nb6 11. Nd2 Nxc4 12. Nxc4 Ba6 13. b3 Nd7 14. Bxg7 Kxg7 15. Rfd1 Kg8 16. Ng3 Rb8 17. Nf1 Bxc4 18. bxc4 Qa5 19. Ne3 Rb4 20. Qc3 Ra4 21. Qxa5 Rxa5 22. Rdb1 Rb8 23. Rxb8+ Nxb8 24. Kf1 Nd7 25. Ke2 Ra3 26. Kd2 Nb6 27. Kc2 Na4 28. Rb1 Rc3+ 29. Kd2 Ra3 30. Kc2 Kg7 31. Rb5 Nb6 32. Kb2 Rd3 33. Kc2 Ra3 34. Kb2 Rd3 35. Kc2 1/2-1/2

[Event "Ricany op-A"]
[Site "Ricany"]
[Date "2018.08.30"]
[Round "7"]
[White "Hejsek, Lukas"]
[Black "Skala, Jaromir"]
[Result "1/2-1/2"]
[WhiteElo "1774"]
[BlackElo "1920"]
[PlyCount "58"]
[EventDate "2018.08.25"]
[EventType "swiss"]
[EventRounds "9"]
[EventCountry "CZE"]
[SourceTitle "EXT 2019"]
[Source "ChessBase"]
[SourceDate "2018.10.10"]
[SourceVersion "1"]
[SourceVersionDate "2018.10.10"]
[SourceQuality "1"]

1. d4 d6 2. c4 e5 3. dxe5 dxe5 4. Qxd8+ Kxd8 5. Nf3 f6 6. g3 c6 7. Bg2 Be6 8. b3 Nd7 9. 0-0 Ne7 10. Nc3 Nf5 11. Bb2 Kc7 12. Rac1 Rd8 13. Rfd1 Kb8 14. e3 Be7 15. Ne4 Nc5 16. Nxc5 Bxc5 17. a3 h5 18. b4 Be7 19. c5 Bb3 20. Rd2 g5 21. e4 Ng7 22. Rxd8+ Rxd8 23. Nxe5 Rd2 24. Bc3 Ra2 25. Ra1 Ne8 26. Rxa2 Bxa2 27. Nf3 a5 28. e5 g4 29. Nh4 Bb1 1/2-1/2

[Event "Ricany op-A"]
[Site "Ricany"]
[Date "2018.08.26"]
[Round "3"]
[White "Vorisek, Jakub"]
[Black "Skala, Jaromir"]
[Result "0-1"]
[WhiteElo "2069"]
[BlackElo "1920"]
[PlyCount "78"]
[EventDate "2018.08.25"]
[EventType "swiss"]
[EventRounds "9"]
[EventCountry "CZE"]
[SourceTitle "EXT 2019"]
[Source "ChessBase"]
[SourceDate "2018.10.10"]
[SourceVersion "1"]
[SourceVersionDate "2018.10.10"]
[SourceQuality "1"]

1. e4 e5 2. Nf3 Nc6 3. Bc4 Nf6 4. d4 exd4 5. 0-0 Nxe4 6. Re1 d5 7. Bxd5 Qxd5 8. Nc3 Qh5 9. Nxe4 Be6 10. Bg5 Bd6 11. Bf6 0-0 12. Nxd6 cxd6 13. Bxd4 Bg4 14. Bc3 Rad8 15. h3 Bxf3 16. Qxf3 Qxf3 17. gxf3 f6 18. Rad1 Kf7 19. Rd5 Rfe8 20. Red1 Re6 21. f4 Ke7 22. f5 Re4 23. Re1 Rxe1+ 24. Bxe1 Kd7 25. f4 Re8 26. Kf2 Re4 27. Bd2 Rd4 28. Rxd4 Nxd4 29. Be3 Nxc2 30. Bxa7 Nb4 31. Be3 Nd3+ 32. Kf3 Nxb2 33. Ke4 Kc6 34. Kd4 d5 35. Bd2 Nc4 36. Bb4 Nd6 37. a4 Nxf5+ 38. Kd3 Nd6 39. Kd4 h6 0-1

[Event "Ricany op-A"]
[Site "Ricany"]
[Date "2018.08.25"]
[Round "1"]
[White "Ruzicka, Vaclav1111"]
[Black "Skala, Jaromir"]
[Result "0-1"]
[WhiteElo "1659"]
[BlackElo "1920"]
[PlyCount "72"]
[EventDate "2018.08.25"]
[EventType "swiss"]
[EventRounds "9"]
[EventCountry "CZE"]
[SourceTitle "EXT 2019"]
[Source "ChessBase"]
[SourceDate "2018.10.10"]
[SourceVersion "1"]
[SourceVersionDate "2018.10.10"]
[SourceQuality "1"]

1. d4 d6 2. Bf4 g6 3. Nf3 Bg7 4. c3 Nd7 5. h3 e5 6. dxe5 dxe5 7. Bh2 Ne7 8. e4 0-0 9. b4 a5 10. Be2 axb4 11. cxb4 Nc6 12. Qb3 Nb6 13. 0-0 Qe7 14. b5 Nd4 15. Nxd4 exd4 16. Bd3 Be6 17. Qc2 Rfc8 18. Nd2 c6 19. bxc6 Rxc6 20. Qd1 Na4 21. f4 Nb2 22. Qf3 Rc3 23. Qe2 Nxd3 24. Nb1 Nc1 25. Qd2 Nb3 26. axb3 Rxa1 27. Qb2 Rxb1 28. Qxb1 f5 29. e5 Rxb3 30. Qc1 Bf8 31. Kh1 Qc5 32. Bg1 Bd5 33. Qd2 Rxh3+ 34. Bh2 Qc3 35. Qxc3 dxc3 36. Kg1 Bc5+ 0-1

[Event "Ricany op-A"]
[Site "Ricany"]
[Date "2017.08.29"]
[Round "5"]
[White "Skala, Jaromir"]
[Black "Paulovic, Milan"]
[Result "1-0"]
[WhiteElo "1942"]
[BlackElo "1781"]
[PlyCount "103"]
[EventDate "2017.08.26"]
[EventType "swiss"]
[EventRounds "9"]
[EventCountry "CZE"]
[SourceTitle "CBM 180 Extra"]
[Source "ChessBase"]
[SourceDate "2017.10.06"]
[SourceVersion "1"]
[SourceVersionDate "2017.10.06"]
[SourceQuality "1"]

1. d4 d5 2. Nf3 c6 3. g3 e6 4. Bg2 f5 5. 0-0 Nf6 6. b3 Bd6 7. c4 0-0 8. Ba3 Bxa3 9. Nxa3 Ne4 10. Nc2 Nd7 11. Nb4 Qe7 12. Nd3 g5 13. e3 Qg7 14. Qc1 Ndf6 15. c5 h5 16. h4 g4 17. Nfe5 Nd7 18. b4 Nxe5 19. Nxe5 Nf6 20. Qb2 Nd7 21. a4 Nxe5 22. dxe5 Qc7 23. Qd4 Kh7 24. Rfc1 a5 25. b5 Bd7 26. Bf1 Rfb8 27. Bd3 Qd8 28. Kf1 Qe7 29. Ke2 Kg7 30. Rab1 Qd8 31. bxc6 bxc6 32. Rb6 Rxb6 33. cxb6 Rb8 34. Rb1 Qe7 35. Qc3 c5 36. Qxa5 c4 37. Bc2 Bc6 38. Qb4 Qxb4 39. Rxb4 Ra8 40. Kd2 Bb7 41. Kc3 Ra5 42. Rb1 Kf7 43. Kb4 Ra6 44. a5 Ke7 45. Ba4 Ra8 46. Bb5 Kd8 47. Ra1 Ba6 48. Bxa6 Rxa6 49. Kb5 Ra8 50. a6 Kd7 51. b7 Rb8 52. Kb6 1-0

[Event "Ricany op-A"]
[Site "Ricany"]
[Date "2017.08.26"]
[Round "1"]
[White "Nemecek, Lukas"]
[Black "Skala, Jaromir"]
[Result "1-0"]
[WhiteElo "1632"]
[BlackElo "1942"]
[PlyCount "73"]
[EventDate "2017.08.26"]
[EventType "swiss"]
[EventRounds "9"]
[EventCountry "CZE"]
[SourceTitle "CBM 180 Extra"]
[Source "ChessBase"]
[SourceDate "2017.10.06"]
[SourceVersion "1"]
[SourceVersionDate "2017.10.06"]
[SourceQuality "1"]

1. e4 e5 2. Nf3 Nc6 3. d4 exd4 4. Bc4 Bc5 5. c3 Nf6 6. e5 d5 7. Bb5 Ne4 8. cxd4 Bb4+ 9. Nbd2 Bd7 10. 0-0 Nxd2 11. Bxd2 Bxd2 12. Qxd2 0-0 13. Rac1 Nxe5 14. dxe5 Bxb5 15. Rfd1 c6 16. Nd4 Ba6 17. Qb4 Re8 18. Re1 Qe7 19. Qa4 Bd3 20. Rc3 Bg6 21. f4 c5 22. Nb5 d4 23. Rg3 Qd7 24. Qb3 b6 25. Nd6 Re7 26. Qf3 Rf8 27. f5 c4 28. fxg6 fxg6 29. Qd5+ Kh8 30. Qxd4 b5 31. Rge3 Re6 32. Qc5 Rb8 33. Rf3 Re7 34. Qd5 Qe6 35. Qxe6 Rxe6 36. Kf2 a5 37. Nxb5 1-0

[Event "Ricany op"]
[Site "Ricany"]
[Date "2015.08.29"]
[Round "9"]
[White "Pribyl, Jaroslav1111"]
[Black "Skala, Jaromir"]
[Result "1/2-1/2"]
[WhiteElo "1928"]
[BlackElo "1959"]
[PlyCount "103"]
[EventDate "2015.08.22"]
[EventType "swiss"]
[EventRounds "9"]
[EventCountry "CZE"]
[SourceTitle "EXT 2023"]
[Source "ChessBase"]
[SourceDate "2022.10.05"]
[SourceVersion "1"]
[SourceVersionDate "2022.10.05"]
[SourceQuality "1"]

1. d4 Nf6 2. c4 g6 3. Nc3 Bg7 4. e4 d6 5. f4 0-0 6. Nf3 c5 7. Be2 a6 8. 0-0 cxd4 9. Nxd4 Nc6 10. Nc2 b6 11. Be3 Bb7 12. Bf3 Na5 13. Qe2 Rc8 14. Na3 e6 15. Na4 Nd7 16. Rfd1 Nc5 17. Nxc5 bxc5 18. e5 d5 19. cxd5 exd5 20. Rac1 d4 21. Bxb7 Nxb7 22. Qxa6 Qd5 23. Bd2 Rfe8 24. Qc4 Qe4 25. Re1 Qf5 26. Qd5 Re7 27. Nc4 Rd7 28. Qf3 Qe6 29. g4 Qa6 30. a3 Bh6 31. Qh3 Bf8 32. f5 d3 33. f6 Rd4 34. b3 Qe6 35. Ne3 Qxe5 36. Qf3 Re4 37. Nc4 Qd4+ 38. Kh1 Nd6 39. Nxd6 Rxe1+ 40. Rxe1 Qxd6 41. Kg2 Qd4 42. Re4 Qd6 43. Rc4 Re8 44. Re4 Rxe4 45. Qxe4 Qxf6 46. Qxd3 Qb2 47. g5 Qxa3 48. Qe3 Qa2 49. Kh3 c4 50. bxc4 Qxc4 51. Bc3 Qe6+ 52. Qxe6 1/2-1/2

[Event "Ricany op"]
[Site "Ricany"]
[Date "2015.08.23"]
[Round "3"]
[White "Stojkovic, Andreja"]
[Black "Skala, Jaromir"]
[Result "1/2-1/2"]
[WhiteElo "1872"]
[BlackElo "1959"]
[PlyCount "106"]
[EventDate "2015.08.22"]
[EventType "swiss"]
[EventRounds "9"]
[EventCountry "CZE"]
[SourceTitle "EXT 2023"]
[Source "ChessBase"]
[SourceDate "2022.10.05"]
[SourceVersion "1"]
[SourceVersionDate "2022.10.05"]
[SourceQuality "1"]

1. e4 e5 2. Nf3 Nc6 3. Bc4 Nf6 4. d3 Be7 5. 0-0 0-0 6. a4 d5 7. exd5 Nxd5 8. a5 Kh8 9. a6 f5 10. Re1 Bf6 11. c3 bxa6 12. Bxa6 Bxa6 13. Rxa6 Qd7 14. Qa4 Nb6 15. Qb5 Nb8 16. Qxd7 N8xd7 17. d4 e4 18. Ng5 Rfe8 19. Nh3 c5 20. Be3 cxd4 21. cxd4 Nd5 22. Nc3 Nb4 23. Ra5 Nd3 24. Rea1 f4 25. Nxf4 Nxf4 26. Bxf4 Bxd4 27. Rd5 Be5 28. Bxe5 Nxe5 29. Nxe4 Nc4 30. Nd6 Nxd6 31. Rxd6 Re2 32. Rad1 Rf8 33. R6d2 Rxd2 34. Rxd2 Rb8 35. Rd7 Kg8 36. Rxa7 Rxb2 37. g3 Rc2 38. Kg2 Rb2 39. h4 Rc2 40. g4 Rb2 41. Kg3 Rb3+ 42. f3 Rc3 43. g5 Rc6 44. h5 g6 45. h6 Rc8 46. Rg7+ Kh8 47. Re7 Rf8 48. f4 Kg8 49. Kf3 Ra8 50. Rg7+ Kh8 51. Re7 Kg8 52. Rg7+ Kh8 53. Re7 Kg8 1/2-1/2